| 000 | 00764nam a2200253Ia 4500 | ||
|---|---|---|---|
| 003 | GCL | ||
| 008 | 140319s9999 xx 000 0 ara d | ||
| 040 |
_aGCL / _cGCL |
||
| 082 | 0 | 4 |
_a340.53 _bم ن |
| 100 | 1 | _aمحمود سلام زناتى | |
| 245 | 1 | 0 |
_aنظم العرب القبلية المعاصرة / _cمحمود سلام زناتى |
| 260 |
_a[S.N] : _bالمجالس ، _c1992 |
||
| 300 | _a460 ص | ||
| 490 | _a | ||
| 650 | 0 | 4 | _aالقانون |
| 650 | 0 | 4 | _aفلسفة |
| 650 | 0 | 4 | _aالعادات والتقاليد |
| 650 | 0 | 4 | _aالشريعة الاسلامية |
| 650 | 0 | 4 | _aالعرب |
| 650 | 0 | 4 | _aالقبائل العربية |
| 650 | 0 | 4 | _aالقانون تاريخ |
| 650 | 0 | 4 | _aالعرف الاجتماعى |
| 942 |
_2ddc _cBK |
||
| 999 |
_c55970 _d55970 |
||